| 000 | 00000nam##2200000za#4500 |
| 001 | 9.579795 |
| 003 | CaOODSP |
| 005 | 20210624190731 |
| 007 | cr ||||||||||| |
| 008 | 150406|2000||||xxc|||||o f|0| 0 eng|d |
| 022 | |a1488-5387 |
| 040 | |aCaOODSP|beng |
| 043 | |an-cn--- |
| 086 | 1 |aFs97-4/2536E-PDF |
| 110 | 1 |aCanada. |bDepartment of Fisheries and Oceans. |
| 245 | 10|aEstimation of the 1995 Seymour River sockeye salmon (Oncorhynchus nerka) escapement / |h[electronic resource]|cby R. Houtman and N.D. Schubert. |
| 260 | |aDelta - British Columbia : |bFisheries and Oceans Canada |c2000. |
| 300 | |a51p.|bfigs., references |
| 490 | 1 |aCanadian manuscript report of fisheries and aquatic sciences|x1488-5387|vNo. 2536 |
| 500 | |aOn t. p. : Science Branch, Pacific Region, Delta, British Columbia. The catalogue number and ISSN for the print edition appear in the PDF version. |
| 546 | |a(Résumés en français) |
| 590 | |a14-10-Supp|b2014-05-08 |
| 720 | 1 |aSchubert, N. D. |
| 720 | 1 |aHoutman, R |
| 830 | #0|aCanadian manuscript report of fisheries and aquatic sciences,|x1488-5387|vNo. 2536|w(CaOODSP)9.505211 |
| 856 | 40|ahttp://publications.gc.ca|qPDF|s4891 KB|uhttps://publications.gc.ca/collections/collection_2014/mpo-dfo/Fs97-4-2536-eng.pdf|yNo. 2536 |